Dictionary of law
| Main Author: | |
|---|---|
| Format: | Book |
| Published: |
Kuala Lumpur :
Golden Books Centre ,
1998
|
| Subjects: |
MARC
| LEADER | 00000cam a2200000 7i4500 | ||
|---|---|---|---|
| 001 | 0000014888 | ||
| 005 | 20080807.0 | ||
| 008 | 080307 | ||
| 020 | |a 9837203358 | ||
| 090 | 0 | 0 | |a 403.340 |b SHE |
| 100 | 0 | |a Sherman | |
| 245 | 1 | 0 | |a Dictionary of law |c Sherman |
| 260 | |a Kuala Lumpur : |b Golden Books Centre , |c 1998 | ||
| 650 | 0 | |a Law |x Dictionaries | |
| 999 | |a 0001011746 |b Book |c REFERENCE |e Perbadanan Perpustakaan Awam Johor | ||
| 999 | |a 0001011747 |b Book |c REFERENCE |e Perbadanan Perpustakaan Awam Johor | ||